000 005590000a22001810004500
003 MACL
005 20160503162826.0
008 160503b xxu||||| |||| 00| 0 eng d
040 _aMACL
_cMACL
041 _aHindi
082 _a800 SHA
100 _aशर्मा, पदमजा
_955007
245 _aजीवन के कितने पाठ
_cपद़मजा शर्मा
260 _bसूर्य प्रकाशन
_c2008
_aबीकानेर
350 _a135
650 _aEducation
_955008
942 _cHIN
_k800/SHA/L
_2ddc
999 _c41487
_d41487